The maltese Falcon, the Thin Man, Red Harvest
Gorde:
| Egile nagusia: | |
|---|---|
| Formatua: | Liburua |
| Hizkuntza: | Undetermined |
| Argitaratua: |
London
Everyman's Library
2000
|
| Gaiak: | |
| Etiketak: |
Etiketa erantsi
Etiketarik gabe, Izan zaitez lehena erregistro honi etiketa jartzen!
|
| Thư viện lưu trữ: | Trung tâm Học liệu Trường Đại học Cần Thơ |
|---|
| LEADER | 00489nam a2200169Ia 4500 | ||
|---|---|---|---|
| 001 | CTU_47268 | ||
| 008 | 210402s9999 xx 000 0 und d | ||
| 082 | |a 813.52 | ||
| 082 | |b H215/2000 | ||
| 100 | |a DASHIELL HAMMETT | ||
| 245 | 4 | |a The maltese Falcon, the Thin Man, Red Harvest | |
| 245 | 0 | |c DASHIELL HAMMETT | |
| 260 | |a London | ||
| 260 | |b Everyman's Library | ||
| 260 | |c 2000 | ||
| 650 | |a american fiction - 20th century | ||
| 980 | |a Trung tâm Học liệu Trường Đại học Cần Thơ | ||